000
00453nam a22001337a 4500
020
_a
019547077X
082
_a
150
100
_a
Gillian Butler et al
245
_a
Psychology a very short introduction
260
_a
New York
_b
Oxford university press
_c
2000.
300
_a
161p
942
_c
BK
999
_c
2870
_d
2870